Actividades de investigación: proyectos ejecutados
Guardat en:
| Autor corporatiu: | |
|---|---|
| Format: | Llibre |
| Idioma: | espanyol anglès |
| Publicat: |
Valparaíso
Universidad Técnica Federico Santa María. Vicerrectoría Académica. Dirección General de Investigación y Postgrado
2008
|
| Matèries: | |
| Etiquetes: |
Afegir etiqueta
Sense etiquetes, Sigues el primer a etiquetar aquest registre!
|
MARC
| LEADER | 00000cam a2200000 a 4500 | ||
|---|---|---|---|
| 001 | UCG8517 | ||
| 003 | CL-VaPUC | ||
| 008 | 111212e20080000CL |||||||||||||||||spa|d | ||
| 041 | 0 | 7 | |a spa |2 CL-VaPUC |
| 041 | 0 | 7 | |a eng |2 CL-VaPUC |
| 082 | 0 | 4 | |a 378 |b UNI |2 21 |
| 110 | 2 | |a Universidad Técnica Federico Santa María |e author |9 559577 | |
| 245 | 1 | 0 | |a Actividades de investigación: proyectos ejecutados |
| 300 | |a 280 p | ||
| 942 | |c BK | ||
| 945 | |d 20111212 00:00:00 |a dcastane | ||
| 260 | |a Valparaíso |b Universidad Técnica Federico Santa María. Vicerrectoría Académica. Dirección General de Investigación y Postgrado |c 2008 | ||
| 650 | 0 | |a Educación superior |9 223851 | |
| 650 | 0 | |a Investigación científica |9 259857 | |
| 583 | |a last modification |c 20111212 13:13:00 |k Rodrigo Vera | ||
| 999 | |c 346125 |d 346123 | ||
| 952 | |0 0 |1 0 |4 0 |6 378_000000000000000_UNI_2008 |7 0 |8 C |9 446622 |a BIBCUR |b BIBCUR |d 2019-11-22 |i 4813790 |o 378 UNI 2008 |p 4813790 |r 2025-04-22 |w 2019-11-22 |y BK |k CAC | ||